00493nam a2200157Ia 4500003000400000008004100004040001600045082001700061100004100078245007100119260005900190300003000249490000500279650002800284650002300312GCL140319s9999 xx 000 0 ara d aGCL / cGCL04a810.8bع م1 aعبود الشالجى (تحقيق)10aموسوعة العذاب / cعبود الشالجى (تحقيق) a[S.N] : bالدار العربية للموسوعات aمتعدد الترقيم a04aالادب العربى04aالمجموعات